000 00604nam a2200229Ia 4500
003 OSt
005 20220928104618.0
006 a|||||r|||| 00| 0
007 ta
008 220927b |||||||| |||| 00| 0 hin d
024 _a122900
037 _cTextual
040 _aSDCL
_cSDCL
_bhin
041 _2hin
_ahin
082 _aO152,1I83:g, L9
100 _aNagendra
_9391673
245 0 _aSuradasa
_bA revaluation.
260 _aNew Delhi
_bNational Publishing House
_c1979
300 _a294p.
_ccm.
942 _hO152,1I83:g, L9
_cTEXL
_2CC
999 _c726996
_d726996